Catálogo público

Boletín de la Estación Experimental de Paysandu (Record no. 78502)

MARC details
000 -CABECERA
campo de control de longitud fija 00860cas a22002417a 4500
005 - FECHA Y HORA DE LA ÚLTIMA TRANSACCIÓN
campo de control 20220329142114.0
008 - DATOS DE LONGITUD FIJA--INFORMACIÓN GENERAL
campo de control de longitud fija 990629d uy zn p rnn 0 uub1spa d
010 ## - NÚMERO DE CONTROL DE LA BIBLIOTECA DEL CONGRESO
Número de control de LC 78502
011 ## - ENLACE DEL NUMERO DE CONTROL DE LA BIBLIOTECA DEL CONGRESO [OBSOLETO]
Número de control de LC 79474
035 ## - NÚMERO DE CONTROL DEL SISTEMA
Número de control de sistema 89706
245 00 - MENCIÓN DE TÍTULO
Título Boletín de la Estación Experimental de Paysandu
Mención de responsabilidad, etc. /por Universidad de la República. Facultad de Agronomía
260 0# - PUBLICACIÓN, DISTRIBUCIÓN, ETC.
Lugar de publicación, distribución, etc. Uruguay :
Nombre del editor, distribuidor, etc. Universidad de la República. Facultad de Agronomía,
310 ## - PERIODICIDAD ACTUAL
Periodicidad actual Cuatrimestral
362 1# - FECHAS DE PUBLICACIÓN Y/O DESIGNACIÓN SECUENCIAL
Fecha de publicación y/o designación secuencial v.3 n.12, 1966
500 ## - NOTA GENERAL
Nota general Se dejó de recibir con el v.3 n.12, 1966
590 ## - NOTA LOCAL (RLIN)
Nota local BATCH-UPD
Procedencia (VM) [OBSOLETO] 10
Condición del los carretes individuales (VM) [OBSOLETO] 20130110
-- UCH01
-- 2354
590 ## - NOTA LOCAL (RLIN)
Nota local BATCH-UPD
Procedencia (VM) [OBSOLETO] 10
Condición del los carretes individuales (VM) [OBSOLETO] 20130410
-- UCH01
-- 1640
590 ## - NOTA LOCAL (RLIN)
Nota local CONVERSION
Procedencia (VM) [OBSOLETO] 10
Condición del los carretes individuales (VM) [OBSOLETO] 20130109
-- UCH01
-- 1343
650 14 - PUNTO DE ACCESO ADICIONAL DE MATERIA--TÉRMINO DE MATERIA
Término de materia o nombre geográfico como elemento de entrada Agricultura
Subdivisión general Uruguay
-- Publicaciones periodicas.
9 (RLIN) 1895
866 ## - MENCIÓN TEXTUAL DE FONDOS--UNIDAD BIBLIOGRÁFICA BÁSICA
Cadena textual v.3 n.10-12 (1966)
901 ## - ELEMENTOS DE DATOS A LOCAL LDA (RLIN)
a SE
905 ## - ELEMENTOS DE DATOS E LOCAL, LDE (RLIN)
a Ma. del Socorro Iturbe C.

No items available.